000 00601nam a2200217 a 4500
001 11514
003 CO-ViMGA
008 141112s2004 ck r 000 u spa d
020 _a9800102361
040 _aCO-ViMGA
_bspa
_cCO-ViMGA
082 0 4 _aV861.08 P63c2
100 1 _aPastori, Luis
_916003
245 1 0 _aLos poetas de 1942
250 _a1
260 _aCaracas,
_cMonte Avila editores,
_c1988
300 _a253 p.
650 1 4 _aGENERACION DEL 42 - COLECCIONES VENEZOLANAS
_916004
650 1 4 _aPOESIA VENEZOLANA - COLECCIONES
_916005
650 1 4 _aPOETAS VENEZOLANOS
_916006
942 _2ddc
_cBK
999 _c22709
_d22709